Statistics for Top 100 NBA Plays of 2022-23

Click here to take the quiz!

General Stats

  • This quiz has been taken 11 times
  • The average score is 56 of 108

Answer Stats

RankPlayer(s)% Correct
10Kevin Durant
100%
7 | 61 | 66 | +2 othersNikola Jokic
100%
13 | 26 | 34Giannis Antetokounmpo
90%
77 | 85Joel Embiid
90%
5 | 49 | 67LeBron James
90%
2 | 6 | 31 | 74Luka Doncic
90%
41 | 52 | 58 | 91Stephen Curry
90%
1 | 8 | 15 | +2 othersJa Morant
80%
24Kyrie Irving
80%
Russell Westbrook
80%
Bruce Brown
70%
3 | 56 | 95De'Aaron Fox
70%
17 | 98Jaren Jackson Jr.
70%
70 | 87Trae Young
70%
45Damian Lillard
60%
40D'Angelo Russell
60%
9 | 11Donovan Mitchell
60%
12 | 25 | 76Jayson Tatum
60%
84Josh Green
60%
68Kawhi Leonard
60%
97Paul George
60%
83Tyrese Haliburton
60%
30Clint Capela
50%
46 | 64Jamal Murray
50%
39Jimmy Butler
50%
20Julius Randle
50%
50LaMelo Ball
50%
21 | 90Lauri Markkanen
50%
18Scottie Barnes
50%
55Ziaire Williams
50%
19 | 82 | 92Alperen Sengun
40%
69Anthony Edwards
40%
78Bam Adebayo
40%
43Ben Simmons
40%
94Buddy Hield
40%
51Evan Mobley
40%
Grayson Allen
40%
62Jabari Smith Jr.
40%
86Jalen Brunson
40%
44 | 65Myles Turner
40%
32Paolo Banchero
40%
81Shai Gilgeous-Alexander
40%
72Tyler Herro
40%
4Aaron Gordon
30%
75Darius Garland
30%
38Dillon Brooks
30%
33Jaxson Hayes
30%
14Jeremy Sochan
30%
59Josh Hart
30%
48Kevon Looney
30%
35Maxi Kleber
30%
54Nickeil Alexander-Walker
30%
47Saddiq Bey
30%
Shaedon Sharpe
30%
Austin Reaves
20%
57Bol Bol
20%
28David Roddy
20%
71 | 93Dennis Schroder
20%
99Devonte' Graham
20%
63Isaac Okoro
20%
Malik Beasley
20%
Simone Fontecchio
20%
96Talen Horton-Tucker
20%
73Aaron Nesmith
10%
36AJ Griffin
10%
37Andrew Nembhard
10%
88Ayo Dosunmu
10%
Boban Marjanovic
10%
100Chris Boucher
10%
22 | 60Daniel Gafford
10%
16Josh Okogie
10%
42Kenyon Martin Jr.
10%
27Matt Ryan
10%
79Naz Reid
10%

Score Distribution

Percentile by Number Answered

Percent of People with Each Score

Your Score History

You have not taken this quiz